000 00353nam a22001577a 4500
003 SGT
020 _a978-81-312-2196-9
082 _a616.01
_bP09R
100 _aRANDHAWA,V.S
245 _aPRACTICAL AND VIVA IN MEDICAL MICROBIOLOGY
250 _a2ND
260 _aNEW DELHI
_bELSEVIER
_c2009
300 _a288
650 _aPHARMACY
942 _2ddc
_cBK
999 _c11054
_d11054